000 nam a22 a 4500
999 _c292
_d292
003 AKMAL
005 20170503121128.0
008 170503s1996 my 00 may d
020 _a9676106615 (kkt.):
_cRM 60.00
040 _aAKMAL
082 0 4 _a004.16 GAT
090 0 0 _a004.16
_bGAT
100 1 _aGates, Bill
_9640
245 1 0 _aJalan di hadapan /
_cBill Gates ; penterjemah Rusli Abd. Ghani
300 0 0 _axiv, 340ms. :
_bil. ;
_c24cm
500 _aMengandungi indeks
599 _aDALAM PROSES
650 0 _aInformation technology
_9641
650 0 _aComputer industry
_9642
650 0 _aMicrocomputers
_9643
700 0 _aRusli Abdul Ghani
_9644
942 _2ddc
_cBOOK
950 _lAKMAL